| 000 | 00671nam a22001937a 4500 | ||
|---|---|---|---|
| 005 | 20251108174557.0 | ||
| 008 | 250721s2008 xx 000 0 ara d | ||
| 082 | 1 | 4 | _a345/خ |
| 100 | 1 |
_aالخرابشة، إحمود فالح _eمؤلف |
|
| 245 | 1 | 0 | _aالإشكالات الإجرائية للشهادة في المسائل الجزائية : دراسة مقارنة / |
| 264 | 1 |
_aعمان : _bدار الثقافة للنشر و التوزيع، _c2008. |
|
| 300 | _a368 ص. | ||
| 650 | 1 | 7 | _aالقانون الجنااي |
| 650 | 1 | 7 | _aادله المحاكم |
| 650 | 1 | 7 | _aالبينات |
| 650 | 1 | 7 | _aالعقوبات |
| 942 |
_2ddc _cBK |
||
| 999 |
_c112708 _d112708 |
||